[Event "DMP-III LIGA Senior PK 2020"]
[Site "Bystre"]
[Date "2020.07.11"]
[Round "7.6"]
[White "Trybowska, Anna"]
[Black "Kruczek, Aleksandra"]
[Result "1-0"]
[WhiteElo "1583"]
[BlackElo "1038"]
[Annotator "NA RC"]
[PlyCount "107"]
[EventDate "2020.07.05"]
[EventType "team-tourn"]
[EventCountry "POL"]
[SourceTitle "playchess.com"]
[Source "ChessBase"]
[SourceQuality "1"]
[TimeControl "5400+30"]

1. d4 {[%emt 0:00:00]} d5 {[%emt 0:00:00]} 2. c4 {[%emt 0:00:00]} c5 {[%emt 0:00:07]} 3. e3 {[%emt 0:00:19]} e6 {[%emt 0:01:52]} 4. Nc3 {[%emt 0:00:15]} Nf6 {[%emt 0:00:49]} 5. Nf3 {[%emt 0:00:43]} Nc6 {[%emt 0:03:15]} 6. a3 {[%emt 0:01:35]} Be7 {[%emt 0:01:34]} 7. dxc5 {[%emt 0:00:26]} O-O {[%emt 0:02:48]} 8. cxd5 {[%emt 0:00:19]} exd5 {[%emt 0:01:50]} 9. b4 {[%emt 0:00:33]} Ne4 {[%emt 0:03:27]} 10. Nxd5 {[%emt 0:01:32]} Bf6 {[%emt 0:01:05]} 11. Nxf6+ {[%emt 0:00:20]} Qxf6 {[%emt 0:01:59]} 12. Bd2 {[%emt 0:01:38]} Bg4 {[%emt 0:03:01]} 13. Rc1 {[%emt 0:08:54]} Rad8 {[%emt 0:04:07]} 14. Rc2 {[%emt 0:00:28]} Ne5 {[%emt 0:02:59]} 15. Be2 {[%emt 0:00:55]} Nd3+ {[%emt 0:10:35]} 16. Bxd3 {[%emt 0:01:01]} Rxd3 {[%emt 0:05:28]} 17. O-O {[%emt 0:04:09]} Nxd2 {[%emt 0:06:17]} 18. Rxd2 {[%emt 0:00:23]} Rxd2 {[%emt 0:00:21]} 19. Qxd2 {[%emt 0:00:08]} Bxf3 {[%emt 0:01:21]} 20. gxf3 {[%emt 0:00:09]} Qxf3 {[%emt 0:00:44]} 21. Qd1 {[%emt 0:00:44]} Qh3 {[%emt 0:01:44]} 22. Qd5 {[%emt 0:01:10]} h6 {[%emt 0:02:24]} 23. Qxb7 {[%emt 0:01:34]} Re8 {[%emt 0:01:21]} 24. Qg2 {[%emt 0:01:17]} Qh5 {[%emt 0:01:27]} 25. Kh1 {[%emt 0:00:39]} Rd8 {[%emt 0:02:03]} 26. f4 {[%emt 0:01:56]} Rd1 {[%emt 0:01:09]} 27. Qa8+ {[%emt 0:01:49]} Kh7 {[%emt 0:00:28]} 28. Qe4+ {[%emt 0:00:16]} f5 {[%emt 0:01:19]} 29. Qg2 {[%emt 0:00:58]} Rd3 {[%emt 0:04:15]} 30. Qc2 {[%emt 0:02:21]} Rxe3 {[%emt 0:05:28]} 31. c6 {[%emt 0:00:58]} Re8 {[%emt 0:02:05]} 32. c7 {[%emt 0:00:42]} Rc8 {[%emt 0:00:41]} 33. Qc6 {[%emt 0:01:08]} Qe2 {[%emt 0:08:33]} 34. Qg2 {[%emt 0:09:40]} Qxg2+ {[%emt 0:03:28]} 35. Kxg2 {[%emt 0:00:04]} Rxc7 {[%emt 0:00:15]} 36. Rf3 {[%emt 0:00:03]} Kg6 {[%emt 0:01:55]} 37. Kg3 {[%emt 0:00:29]} Rc1 {[%emt 0:01:31]} 38. Rb3 {[%emt 0:00:40]} Kf6 {[%emt 0:01:44]} 39. a4 {[%emt 0:01:03]} g5 {[%emt 0:01:55]} 40. a5 {[%emt 0:00:51]} h5 {[%emt 0:06:39]} 41. fxg5+ {[%emt 0:00:17]} Kxg5 {[%emt 0:00:07]} 42. h4+ {[%emt 0:00:24]} Kf6 {[%emt 0:00:33]} 43. b5 {[%emt 0:00:18]} Rf1 {[%emt 0:01:33]} 44. b6 {[%emt 0:00:13]} f4+ {[%emt 0:00:11]} 45. Kg2 {[%emt 0:00:07]} Ra1 {[%emt 0:01:05]} 46. b7 {[%emt 0:00:04]} Rxa5 {[%emt 0:01:13]} 47. b8=Q {[%emt 0:00:07]} f3+ {[%emt 0:00:50]} 48. Rxf3+ {[%emt 0:00:10]} Ke6 {[%emt 0:00:28]} 49. Qe8+ {[%emt 0:00:08]} Kd6 {[%emt 0:00:29]} 50. Rd3+ {[%emt 0:00:13]} Kc5 {[%emt 0:00:46]} 51. Qe5+ {[%emt 0:00:13]} Kb6 {[%emt 0:00:35]} 52. Rd6+ {[%emt 0:00:04]} Kb7 {[%emt 0:00:18]} 53. Qe7+ {[%emt 0:00:02]} Ka8 {[%emt 0:00:26]} 54. Rd8# {[%emt 0:00:03]} 1-0

[Event "DMP-III LIGA Senior PK 2020"]
[Site "Bystre"]
[Date "2020.07.11"]
[Round "7.7"]
[White "Zgoda, Damian"]
[Black "Piekarski, Lukasz"]
[Result "1-0"]
[WhiteElo "1672"]
[BlackElo "1901"]
[Annotator "TA"]
[PlyCount "59"]
[EventDate "2020.07.05"]
[EventType "team-tourn"]
[EventCountry "POL"]
[SourceTitle "playchess.com"]
[Source "ChessBase"]
[SourceQuality "1"]

{[%evp 9,59,8,8,0,0,7,8,9,1,3,10,8,10,10,12,8,27,17,12,15,9,17,53,49,91,50,45,52,65,73,102,97,134,26,38,26,97,25,52,5,12,0,108,0,387,387,391,392,388,387,364,360]} 1. d4 Nf6 2. Bg5 g6 3. Bxf6 exf6 4. e3 Bg7 5. Ne2 d5 6. g3 {A45: Trompowsky Attack.} c6 7. Bg2 O-O 8. O-O {The position is equal.} Re8 9. Nd2 Na6 10. c4 dxc4 11. Nxc4 Be6 12. Rc1 {[#]} Bd5 $146 ({Predecessor:} 12... Bh6 13. a3 Qd7 14. Na5 Rac8 15. b4 Nb8 16. b5 Bd5 17. Bxd5 cxd5 18. a4 b6 {1-0 (51) Lillo Ferrer,J (2242)-Angel Acosta,J (2273) Cala Galdana 1999}) 13. Nf4 Bxg2 14. Kxg2 Bh6 15. Nd3 Qd5+ 16. Qf3 Rad8 17. a3 b6 18. Rfd1 Qxf3+ 19. Kxf3 Rd5 20. Nd2 c5 {[#]} 21. Nb3 ({Only move:} 21. Ne4 $1 $16 {[%cal Re4f6]} Bg7 22. Nf4 (22. dxc5 Red8 $16)) 21... cxd4 $11 22. Nxd4 Red8 (22... Rxd4 $11 23. exd4 Bxc1 24. Rxc1 Rd8) 23. Rc6 (23. Nc6 $16 R8d7 24. Ke2) 23... Nc5 24. Nb4 R5d7 25. Rxf6 Ne6 (25... Bg7 $11 {keeps the balance.} 26. Rf4 Re8) 26. Nbc6 (26. Nxe6 $16 Rxd1 27. Nxd8 Rxd8 28. Rc6) 26... Rc8 $2 {[%mdl 8192]} (26... Re8 $1 $11 {and Black has nothing to worry.}) 27. Nxe6 $18 {[%mdl 64] [#] Discovered Attack. White is winning.} Rxd1 28. Ne7+ {[%mdl 64] Double Attack} Kh8 29. Nxc8 fxe6 30. Rxe6 {Accuracy: White = 70%, Black = 58%.} ({Don't do} 30. Nxa7 Bg7 $18) 1-0

[Event "DMP-III LIGA Senior PK 2020"]
[Site "Bystre"]
[Date "2020.07.11"]
[Round "7.8"]
[White "Pasionek, Ariel"]
[Black "Smusz, Kamil"]
[Result "0-1"]
[WhiteElo "1914"]
[BlackElo "1922"]
[Annotator "TA"]
[PlyCount "86"]
[EventDate "2020.07.05"]
[EventType "team-tourn"]
[EventCountry "POL"]
[SourceTitle "playchess.com"]
[Source "ChessBase"]
[SourceQuality "1"]

{[%evp 14,86,-20,-22,66,-15,-15,-24,-18,-48,-22,-27,-27,-18,-24,-24,-30,-25,0,0,0,0,0,0,0,-2,4,-13,-13,-123,-120,-122,-128,-136,-111,-177,-166,-146,-95,-105,-109,-131,-129,-150,-149,-133,-105,-216,-213,-416,-408,-550,-541,-469,-214,-388,-387,-368,-332,-385,-375,-449,-391,-531,-494,-748,-791,-1520,-1583,-689,-644,-1653,-1477,-29988,-29989]} 1. e4 e5 2. Nf3 Nc6 3. Bc4 Nf6 4. d4 exd4 5. O-O Nxe4 6. Re1 d5 7. Bxd5 Qxd5 {[#]} 8. Nc3 $1 {[%cal Rc3d5][%mdl 576] Pin} Qc4 {8...Qh5 gains popularity. C56: Two Knights: 4 d4 exd4 5 0-0 Nxe4.} ({Black should try} 8... Qd7 $11 9. Nxe4 (9. Rxe4+ Be7 $11) 9... Be7) (8... dxc3 9. Qxd5) 9. Nxe4 ({Better is} 9. Nd2 $1 $14 Qa6 10. Nd5) 9... Be6 $11 10. b3 Qd5 {Black has an edge.} 11. Bg5 {[#]} Ba3 $146 ({Predecessor:} 11... Be7 12. Bxe7 Nxe7 13. Qxd4 O-O 14. Qxd5 Nxd5 15. Nc5 Bc8 16. c4 Nf4 17. g3 Ne6 18. Nxe6 Bxe6 {½-½ (34) Fahrni,H-Johner,P Baden 1914}) 12. Bf6 O-O {Strongly threatening ...Bf5.} 13. Nxd4 Nxd4 14. Qxd4 Qxd4 15. Bxd4 Rfd8 16. Bc5 Bxc5 17. Nxc5 Bd5 18. f3 Kf8 19. Kf2 a5 20. a3 b6 21. Nd3 {[#]} (21. Na4 $11 {remains equal.}) 21... Bxb3 $1 $17 {[%mdl 512]} 22. cxb3 {aiming for Red1.} Rxd3 {[%mdl 4096] Endgame KRR-KRR} 23. Re3 Rad8 24. Rae1 (24. b4 $17) 24... Rxe3 $19 25. Rxe3 {KR-KR} Re8 (25... Rd2+ $142 26. Re2 Rd1) 26. Rc3 $17 Re7 27. a4 Ke8 28. h4 c5 29. g4 Kd7 30. Kg3 {[#]} (30. Rd3+ $17 {was necessary.} Kc7 31. h5) 30... Kc6 $1 $19 31. Kf4 $2 (31. h5) 31... b5 32. h5 bxa4 33. bxa4 Rd7 (33... Kd5 $142 {And now ...c4 would win.} 34. Rd3+ Kc4) 34. g5 $2 (34. Ke3) 34... Rd4+ 35. Kf5 Rh4 36. Re3 Rxh5 37. Kg4 Rh1 38. Re7 h6 39. gxh6 (39. Re8 $142 Rg1+ 40. Kf5) 39... Rxh6 40. Rxf7 Rg6+ 41. Kh5 Rg3 42. f4 c4 43. Rf5 g6+ {[%mdl 64] Double Attack. Accuracy: White = 41%, Black = 76%.} 0-1

[Event "DMP-III LIGA Senior PK 2020"]
[Site "Bystre"]
[Date "2020.07.11"]
[Round "7.9"]
[White "Kasperek, Rafal"]
[Black "Wojciechowski, Beniamin"]
[Result "1/2-1/2"]
[WhiteElo "1982"]
[BlackElo "1835"]
[Annotator "TA"]
[PlyCount "31"]
[EventDate "2020.07.05"]
[EventType "team-tourn"]
[EventCountry "POL"]
[SourceTitle "playchess.com"]
[Source "ChessBase"]
[SourceQuality "1"]

{[%evp 16,31,6,0,12,16,19,16,19,-25,-16,-27,-24,-26,-14,-36,-29,-35]} 1. c4 c6 2. g3 Nf6 3. Bg2 d5 4. cxd5 cxd5 5. Nf3 e6 6. O-O Be7 7. d4 Nc6 8. Nc3 O-O 9. Bf4 a6 {D13: Slav Defence: Exchange variation without ...Bf5.} 10. Ne5 Bd7 11. Rc1 Rc8 {The position is equal.} 12. Nxc6 Bxc6 {[#]} 13. Re1 $146 ({Predecessor:} 13. Qb3 b5 14. Bg5 h6 15. Bxf6 Bxf6 16. e3 Qd7 17. Ne2 Be7 18. Nf4 b4 19. Rfe1 {½-½ (37) Van Dongen,C-De Ruyter,L Dieren 1999}) 13... Qd7 14. Qd3 Rfd8 15. h4 b5 16. Bg5 {Black took control after the opening.} 1/2-1/2

[Event "DMP-III LIGA Senior PK 2020"]
[Site "Bystre"]
[Date "2020.07.11"]
[Round "7.10"]
[White "Krynicki, Henryk"]
[Black "Mikula, Michal"]
[Result "0-1"]
[WhiteElo "1661"]
[BlackElo "1858"]
[Annotator "NA RC"]
[PlyCount "34"]
[EventDate "2020.07.05"]
[EventType "team-tourn"]
[EventCountry "POL"]
[SourceTitle "playchess.com"]
[Source "ChessBase"]
[SourceQuality "1"]
[TimeControl "5400+30"]

{[%evp 8,32,21,7,33,-47,32767,32767,32767,32767,32767,32767,-7,32767,32767,32767,32767,32767,32767,-235,-249,-254,-183,-391,-231,-659,-681]} 1. e4 {[%emt 0:09:42]} c5 {[%emt 0:00:00]} 2. Nf3 {[%emt 0:00:12]} g6 {[%emt 0:00:00]} 3. d4 {[%emt 0:00:11]} cxd4 {[%emt 0:00:10]} 4. Qxd4 {[%emt 0:00:18]} Nf6 {[%emt 0:00:53]} 5. e5 {[%emt 0:06:13]} Nc6 {[%emt 0:03:41]} 6. Qh4 {[%emt 0:06:44]} (6. Qa4 $11 Nd5 7. Qb3) 6... Nxe5 {[%emt 0:02:06]} 7. Nxe5 {[%emt 0:05:28]} Qa5+ {[%emt 0:00:17]} 8. Nc3 {[%emt 0:01:23]} Qxe5+ {[%emt 0:00:20]} 9. Be2 {[%emt 0:00:07]} Qa5 {[%emt 0:04:53]} 10. O-O {[%emt 0:02:22]} Bg7 {[%emt 0:01:34]} 11. f4 {[%emt 0:02:25]} d6 {[%emt 0:04:32]} 12. g4 {[%emt 0:02:26]} Bd7 {[%emt 0:02:47]} 13. f5 {[%emt 0:14:11]} (13. g5 $17 {keeps fighting.} Nh5 14. Qf2) 13... gxf5 {[%emt 0:05:15]} 14. gxf5 {[%emt 0:00:53]} O-O-O {[%emt 0:00:13]} ({Resist} 14... Bxf5 15. Kh1 $17) 15. Qf2 $2 {[%emt 0:05:54]} (15. Bf3 {might work better.}) 15... Bc6 {[%emt 0:03:40]} (15... Rhg8 $142 16. Kh1 Bc6+ 17. Bf3 Ng4) 16. Bd2 $2 {[%emt 0:07:43]} (16. Bf3) 16... Rhg8 $19 {[%emt 0:03:48]} 17. h3 {[%emt 0:03:16]} Bh6+ 0-1

[Event "DMP-III LIGA Senior PK 2020"]
[Site "Bystre"]
[Date "2020.07.11"]
[Round "7.11"]
[White "Sygulski, Piotr"]
[Black "Borukalo, Zdzislaw"]
[Result "1-0"]
[WhiteElo "1652"]
[BlackElo "1679"]
[Annotator "NA RC"]
[PlyCount "83"]
[EventDate "2020.07.05"]
[EventType "team-tourn"]
[EventCountry "POL"]
[SourceTitle "playchess.com"]
[Source "ChessBase"]
[SourceQuality "1"]
[TimeControl "5400+30"]

1. e4 {[%emt 0:00:00]} c5 {[%emt 0:00:00]} 2. Nf3 {[%emt 0:00:00]} Nc6 {[%emt 0:00:00]} 3. d4 {[%emt 0:00:00]} cxd4 {[%emt 0:00:00]} 4. Nxd4 {[%emt 0:00:00]} Nf6 {[%emt 0:00:27]} 5. Nc3 {[%emt 0:00:00]} e5 {[%emt 0:00:07]} 6. Ndb5 {[%emt 0:00:00]} d6 {[%emt 0:00:18]} 7. Bg5 {[%emt 0:00:01]} a6 {[%emt 0:00:38]} 8. Na3 {[%emt 0:00:04]} b5 {[%emt 0:00:12]} 9. Bxf6 {[%emt 0:00:31]} gxf6 {[%emt 0:00:24]} 10. Nd5 {[%emt 0:00:05]} Bg7 {[%emt 0:01:30]} 11. Bd3 {[%emt 0:00:49]} Ne7 {[%emt 0:05:20]} 12. Nxe7 {[%emt 0:03:38]} Qxe7 {[%emt 0:01:01]} 13. Qd2 {[%emt 0:02:30]} O-O {[%emt 0:08:29]} 14. O-O {[%emt 0:01:26]} Be6 {[%emt 0:08:12]} 15. c4 {[%emt 0:02:23]} bxc4 {[%emt 0:02:49]} 16. Bxc4 {[%emt 0:00:22]} f5 {[%emt 0:01:20]} 17. exf5 {[%emt 0:08:17]} Bxf5 {[%emt 0:01:05]} 18. Rfd1 {[%emt 0:01:10]} Rfd8 {[%emt 0:02:01]} 19. Bd5 {[%emt 0:00:34]} Rab8 {[%emt 0:04:29]} 20. Rac1 {[%emt 0:02:16]} Be6 {[%emt 0:06:57]} 21. b3 {[%emt 0:02:10]} Rbc8 {[%emt 0:07:41]} 22. Rxc8 {[%emt 0:01:46]} Bxc8 {[%emt 0:01:27]} 23. Nc4 {[%emt 0:01:44]} Kh8 {[%emt 0:01:39]} 24. Bxf7 {[%emt 0:08:20]} d5 {[%emt 0:09:10]} 25. Bh5 {[%emt 0:01:17]} Qh4 {[%emt 0:03:46]} 26. Bf3 {[%emt 0:04:12]} e4 {[%emt 0:02:06]} 27. g3 {[%emt 0:01:15]} Qe7 {[%emt 0:02:30]} 28. Be2 {[%emt 0:01:57]} Bf6 {[%emt 0:03:57]} 29. Ne3 {[%emt 0:03:54]} d4 {[%emt 0:01:18]} 30. Nc4 {[%emt 0:01:19]} Bg5 {[%emt 0:07:46]} 31. Qa5 {[%emt 0:01:38]} Bf6 {[%emt 0:00:41]} 32. Re1 {[%emt 0:09:09]} Bb7 {[%emt 0:02:22]} 33. Bf1 {[%emt 0:06:01]} e3 {[%emt 0:05:00]} 34. Bd3 {[%emt 0:02:49]} Rd5 {[%emt 0:04:37]} 35. Qb6 {[%emt 0:01:41]} Rb5 {[%emt 0:03:13]} 36. Qd6 {[%emt 0:00:49]} Qf7 {[%emt 0:02:32]} 37. fxe3 {[%emt 0:02:09]} dxe3 {[%emt 0:00:08]} 38. Qb8+ {[%emt 0:00:31]} Kg7 {[%emt 0:00:33]} 39. Nd6 {[%emt 0:01:25]} Qd5 {[%emt 0:00:42]} 40. Qc7+ {[%emt 0:00:05]} Kf8 {[%emt 0:00:32]} 41. Be4 {[%emt 0:01:06]} Qxe4 {[%emt 0:00:34]} 42. Qf7# 1-0

[Event "DMP-III LIGA Senior PK 2020"]
[Site "Bystre"]
[Date "2020.07.11"]
[Round "7.13"]
[White "Miasik, Adrian"]
[Black "Dobrzanski, Krzysztof"]
[Result "1-0"]
[WhiteElo "1881"]
[BlackElo "1722"]
[Annotator "NA RC"]
[PlyCount "55"]
[EventDate "2020.07.05"]
[EventType "team-tourn"]
[EventCountry "POL"]
[SourceTitle "playchess.com"]
[Source "ChessBase"]
[SourceQuality "1"]
[TimeControl "5400+30"]

{[%evp 8,35,18,25,22,23,38,11,28,25,25,32767,32767,32767,32767,32767,50,50,45,22,38,19,21,32,30,34,31,43,47,15]} 1. d4 {[%emt 0:00:00]} d5 {[%emt 0:00:00]} 2. c4 {[%emt 0:00:00]} c6 {[%emt 0:01:01]} 3. Nc3 {[%emt 0:00:09]} Nf6 {[%emt 0:00:30]} 4. Nf3 {[%emt 0:00:21]} e6 {[%emt 0:02:07]} 5. Bg5 {[%emt 0:01:16]} Nbd7 {[%emt 0:01:29]} 6. e3 {[%emt 0:01:53]} Be7 {[%emt 0:01:36]} 7. Bd3 {[%emt 0:00:35]} O-O {[%emt 0:05:08]} (7... h6 $5 {[%cal Rh6g5]} 8. Bf4 dxc4 9. Bxc4 O-O $14) 8. O-O {[%emt 0:01:19]} dxc4 {[%emt 0:02:15]} 9. Bxc4 {[%emt 0:00:34]} Nd5 {[%emt 0:00:16]} 10. Bxe7 {[%emt 0:02:18]} Qxe7 {[%emt 0:00:19]} 11. e4 {[%emt 0:00:17]} Qb4 {[%emt 0:05:53]} 12. Bxd5 {[%emt 0:30:45]} exd5 {[%emt 0:02:55]} 13. exd5 {[%emt 0:01:58]} Qxb2 {[%emt 0:01:14]} 14. Qd3 {[%emt 0:01:38]} Nf6 {[%emt 0:02:04]} 15. dxc6 {[%emt 0:02:07]} bxc6 {[%emt 0:00:21]} 16. Ne5 {[%emt 0:04:10]} Qb6 {[%emt 0:03:12]} 17. Rab1 {[%emt 0:04:25]} Qc7 {[%emt 0:01:32]} 18. Rfc1 $11 {[%emt 0:02:51]} Be6 {[%emt 0:06:37]} 19. Nb5 {[%emt 0:03:32]} Qa5 {[%emt 0:04:02]} 20. Nxc6 {[%emt 0:01:26]} Qxa2 {[%emt 0:00:39]} 21. Nc7 {[%emt 0:00:50]} Nd5 {[%emt 0:02:16]} 22. Ra1 {[%emt 0:03:35]} Nf4 {[%emt 0:02:18]} 23. Qf3 {[%emt 0:06:09]} Ne2+ {[%emt 0:06:39]} 24. Kh1 {[%emt 0:02:37]} Nxc1 {[%emt 0:03:04]} 25. Rxa2 {[%emt 0:00:13]} Nxa2 {[%emt 0:01:58]} 26. Nxa8 {[%emt 0:00:48]} a5 {[%emt 0:00:50]} 27. Nc7 {[%emt 0:01:18]} Nb4 {[%emt 0:00:17]} 28. Ne7+ {[%emt 0:00:58]} 1-0

[Event "DMP-III LIGA Senior PK 2020"]
[Site "Bystre"]
[Date "2020.07.11"]
[Round "7.14"]
[White "Palacki, Rafal"]
[Black "Ciasnocha, Michal"]
[Result "1/2-1/2"]
[WhiteElo "1755"]
[BlackElo "1795"]
[Annotator "NA"]
[PlyCount "77"]
[EventDate "2020.07.05"]
[EventType "team-tourn"]
[EventCountry "POL"]
[SourceTitle "playchess.com"]
[Source "ChessBase"]
[SourceQuality "1"]
[TimeControl "5400+30"]

1. e4 {[%emt 0:00:30]} e5 {[%emt 0:00:00]} 2. Nf3 {[%emt 0:00:02]} Nf6 {[%emt 0:00:00]} 3. Nxe5 {[%emt 0:00:51]} d6 {[%emt 0:00:00]} 4. Nf3 {[%emt 0:00:07]} Nxe4 {[%emt 0:00:08]} 5. d4 {[%emt 0:00:15]} d5 {[%emt 0:00:22]} 6. Bd3 {[%emt 0:00:23]} Bd6 {[%emt 0:01:10]} 7. O-O {[%emt 0:00:28]} O-O {[%emt 0:00:33]} 8. Re1 {[%emt 0:01:20]} Re8 {[%emt 0:01:29]} 9. c4 {[%emt 0:00:55]} c6 {[%emt 0:01:37]} 10. Nc3 {[%emt 0:01:29]} Nxc3 {[%emt 0:03:00]} 11. bxc3 {[%emt 0:00:15]} Nd7 {[%emt 0:08:43]} 12. Bg5 {[%emt 0:02:21]} f6 {[%emt 0:06:33]} 13. Bh4 {[%emt 0:01:23]} Nf8 {[%emt 0:02:04]} 14. Qb3 {[%emt 0:04:10]} Be6 {[%emt 0:10:14]} 15. c5 {[%emt 0:02:11]} Bc7 {[%emt 0:04:11]} 16. Qxb7 {[%emt 0:02:56]} Qd7 {[%emt 0:00:54]} 17. Qb1 {[%emt 0:01:16]} Bg4 {[%emt 0:03:27]} 18. Nd2 {[%emt 0:03:03]} Rxe1+ {[%emt 0:04:37]} 19. Qxe1 {[%emt 0:01:45]} Ng6 {[%emt 0:01:03]} 20. Bxg6 {[%emt 0:08:13]} hxg6 {[%emt 0:00:06]} 21. f3 {[%emt 0:00:14]} Bf5 {[%emt 0:00:52]} 22. Nf1 {[%emt 0:07:55]} Ba5 {[%emt 0:05:39]} 23. Bg3 {[%emt 0:05:08]} Bd3 {[%emt 0:03:09]} 24. Qd2 {[%emt 0:01:16]} Ba6 {[%emt 0:03:25]} 25. Re1 {[%emt 0:07:54]} Re8 {[%emt 0:01:10]} 26. Rxe8+ {[%emt 0:13:26]} Qxe8 {[%emt 0:00:04]} 27. Qe1 {[%emt 0:00:14]} Qxe1 {[%emt 0:06:10]} 28. Bxe1 {[%emt 0:00:04]} Bc7 {[%emt 0:00:42]} 29. g3 {[%emt 0:09:06]} Kf7 {[%emt 0:01:14]} 30. Kf2 {[%emt 0:04:45]} g5 {[%emt 0:02:19]} 31. Bd2 {[%emt 0:02:30]} Ke6 {[%emt 0:01:59]} 32. Bc1 {[%emt 0:01:10]} Ba5 {[%emt 0:00:39]} 33. Bb2 {[%emt 0:00:32]} Bc4 {[%emt 0:01:26]} 34. a3 {[%emt 0:00:27]} Bc7 {[%emt 0:00:58]} 35. Nd2 {[%emt 0:01:03]} Bd3 {[%emt 0:00:58]} 36. Ke3 {[%emt 0:00:26]} Ba6 {[%emt 0:01:31]} 37. a4 {[%emt 0:04:31]} Kf5 {[%emt 0:00:54]} 38. Ba3 {[%emt 0:02:48]} g4 {[%emt 0:01:49]} 39. Bb4 1/2-1/2

[Event "DMP-III LIGA Senior PK 2020"]
[Site "Bystre"]
[Date "2020.07.11"]
[Round "7.15"]
[White "Babiarz, Arkadiusz"]
[Black "Zajac, Karol"]
[Result "1-0"]
[WhiteElo "1840"]
[BlackElo "1652"]
[Annotator "NA RC"]
[PlyCount "69"]
[EventDate "2020.07.05"]
[EventType "team-tourn"]
[EventCountry "POL"]
[SourceTitle "playchess.com"]
[Source "ChessBase"]
[SourceQuality "1"]
[TimeControl "5400+30"]

1. e4 {[%emt 0:00:00]} e5 {[%emt 0:00:00]} 2. Nf3 {[%emt 0:00:00]} Nc6 {[%emt 0:00:00]} 3. Bb5 {[%emt 0:00:00]} a6 {[%emt 0:00:27]} 4. Ba4 {[%emt 0:00:00]} Nf6 {[%emt 0:00:08]} 5. Qe2 {[%emt 0:00:00]} d6 {[%emt 0:00:31]} 6. c3 {[%emt 0:00:05]} g6 {[%emt 0:01:28] C77: Ruy Lopez: 3...a6 4 Ba4 Nf6, unusual lines.} 7. d4 {[%emt 0:02:09]} b5 {[%emt 0:01:04]} 8. Bb3 {[%emt 0:00:42]} Bg7 {[%emt 0:08:34]} 9. a4 {[%emt 0:00:58]} Rb8 {[%emt 0:04:25]} 10. O-O {[%emt 0:05:00]} O-O {[%emt 0:04:08] [#]} 11. Re1 $146 {[%emt 0:02:59]} ({Predecessor:} 11. axb5 axb5 12. dxe5 dxe5 13. Bg5 h6 14. Rd1 Qe7 15. Bxf6 Qxf6 16. Nbd2 Nd8 17. Ra7 {½-½ (101) Boric,E (2319)-Szczepkowska,K (2375) Valjevo 2012}) 11... Re8 {[%emt 0:04:52]} 12. Ng5 {[%emt 0:01:13]} Rf8 {[%emt 0:00:18]} 13. Nf3 {[%emt 0:00:06]} Re8 {[%emt 0:00:12]} 14. Nbd2 {[%emt 0:08:26]} Nh5 {[%emt 0:07:10]} 15. dxe5 {[%emt 0:10:58]} Nxe5 {[%emt 0:02:49]} 16. Nxe5 {[%emt 0:02:14]} Bxe5 {[%emt 0:02:38]} 17. Nf3 {[%emt 0:00:39]} Nf4 {[%emt 0:11:17]} 18. Bxf4 {[%emt 0:02:05]} Bxf4 {[%emt 0:00:08]} 19. axb5 {[%emt 0:00:13]} axb5 {[%emt 0:00:12]} 20. Nd4 $11 {[%emt 0:02:18]} Bd7 {[%emt 0:07:45]} 21. Ra7 {[%emt 0:00:55]} c5 {[%emt 0:03:22]} 22. Bxf7+ {[%emt 0:06:11]} Kh8 {[%emt 0:10:31]} 23. Bxe8 {[%emt 0:01:57]} Qxe8 {[%emt 0:01:38]} 24. Nf3 {[%emt 0:01:20]} Be6 {[%emt 0:02:43]} 25. g3 {[%emt 0:01:32]} Bh6 {[%emt 0:00:29]} 26. Qd3 {[%emt 0:02:47]} Rd8 {[%emt 0:02:44]} 27. e5 {[%emt 0:01:22]} Bf5 {[%emt 0:01:38]} 28. Qd5 {[%emt 0:00:19]} dxe5 {[%emt 0:01:29]} 29. Rxe5 {[%emt 0:02:47]} Qg8 {[%emt 0:00:55]} 30. Qxg8+ {[%emt 0:00:30]} Kxg8 {[%emt 0:00:16]} 31. Kg2 {[%emt 0:00:46]} Bc1 {[%emt 0:02:02]} 32. Ree7 {[%emt 0:02:18]} Bxb2 {[%emt 0:00:50]} 33. Rg7+ {[%emt 0:00:08]} Kf8 {[%emt 0:00:23]} 34. Raf7+ {[%emt 0:00:08]} Ke8 {[%emt 0:00:12]} 35. Ng5 1-0

[Event "DMP-III LIGA Senior PK 2020"]
[Site "Bystre"]
[Date "2020.07.11"]
[Round "7.16"]
[White "Materniak, Aleksander"]
[Black "Ziemniak, Piotr"]
[Result "0-1"]
[WhiteElo "1660"]
[BlackElo "1791"]
[Annotator "NA RC"]
[PlyCount "74"]
[EventDate "2020.07.05"]
[EventType "team-tourn"]
[EventCountry "POL"]
[SourceTitle "playchess.com"]
[Source "ChessBase"]
[SourceQuality "1"]
[TimeControl "5400+30"]

1. e4 {[%emt 0:00:00]} c5 {[%emt 0:00:00]} 2. Nf3 {[%emt 0:00:00]} d6 {[%emt 0:00:00]} 3. d4 {[%emt 0:00:00]} cxd4 {[%emt 0:00:00]} 4. Nxd4 {[%emt 0:00:00]} Nf6 {[%emt 0:00:00]} 5. Nc3 {[%emt 0:00:00]} a6 {[%emt 0:00:09]} 6. Be3 {[%emt 0:00:09]} e5 {[%emt 0:00:38]} 7. Nb3 {[%emt 0:00:04]} Be6 {[%emt 0:00:24]} 8. f3 {[%emt 0:00:48]} Be7 {[%emt 0:00:48]} 9. Qd2 {[%emt 0:00:05]} Qc7 {[%emt 0:00:48]} 10. O-O-O {[%emt 0:00:40]} b5 {[%emt 0:00:42]} 11. g4 {[%emt 0:00:19]} O-O {[%emt 0:05:02]} 12. h4 {[%emt 0:00:50]} b4 {[%emt 0:01:38]} 13. Nd5 {[%emt 0:00:33]} Bxd5 {[%emt 0:00:31]} 14. exd5 {[%emt 0:00:09]} a5 {[%emt 0:00:26]} 15. Kb1 {[%emt 0:04:10]} a4 {[%emt 0:04:58]} 16. Nc1 {[%emt 0:01:17]} Ra5 {[%emt 0:03:56]} 17. Qxb4 {[%emt 0:06:34]} Nxd5 {[%emt 0:03:35]} 18. Rxd5 {[%emt 0:12:56]} Rxd5 {[%emt 0:00:59]} 19. Bc4 {[%emt 0:01:28]} Nc6 {[%emt 0:08:08]} 20. Qb6 {[%emt 0:08:52]} Qxb6 {[%emt 0:11:36]} 21. Bxb6 {[%emt 0:00:10]} Rd2 {[%emt 0:02:23]} 22. Nd3 {[%emt 0:13:41]} Rb8 {[%emt 0:05:58]} 23. Be3 {[%emt 0:07:00]} Re2 {[%emt 0:00:24]} 24. Nxe5 {[%emt 0:01:29]} Rxe3 {[%emt 0:03:28]} 25. Nxc6 {[%emt 0:00:29]} Rc8 {[%emt 0:01:26]} 26. Bd5 {[%emt 0:01:02]} Bxh4 {[%emt 0:03:30]} 27. Be4 {[%emt 0:02:13]} g6 {[%emt 0:00:41]} 28. Nb4 {[%emt 0:01:51]} Rb8 {[%emt 0:07:02]} 29. Nd3 {[%emt 0:02:45]} Bf6 {[%emt 0:02:02]} 30. Kc1 {[%emt 0:02:15]} Re2 {[%emt 0:00:42]} 31. Kd1 {[%emt 0:01:36]} Rg2 {[%emt 0:00:38]} 32. Nf4 {[%emt 0:01:59]} Rxb2 {[%emt 0:01:22]} 33. Kc1 {[%emt 0:02:12]} Rxa2 {[%emt 0:00:15]} 34. Nxg2 {[%emt 0:02:37]} Ra1+ {[%emt 0:00:05]} 35. Kd2 {[%emt 0:00:11]} Rxh1 {[%emt 0:00:06]} 36. f4 {[%emt 0:02:43]} a3 {[%emt 0:00:11]} 37. Bd5 {[%emt 0:00:18]} Rh2 {[%emt 0:00:11]} 0-1